000 00527nam a2200181Ia 4500
003 GCL
008 140319s9999 xx 000 0 ara d
040 _aGCL /
_cGCL
082 0 4 _a953
_bز ب
100 1 _aزاهية قدورة
245 1 0 _aبحوث عربية واسلامية /
_cزاهية قدورة
300 _a270 ص
490 _aالدراسات الاسلامية
_v0
650 0 4 _aالتاريخ الاسلامى
650 0 4 _aالتاريخ
650 0 4 _aالحضارة الاسلامية
942 _2ddc
_cBK
999 _c44488
_d44488